000 00445nam a2200181Ia 4500
005 20250508151345.0
008 008 250505s9999 xx 000 0 eng d
037 _aTextual
040 _aFEDL
_beng
_cFEDL
041 _aeng
_2eng
084 _a370.9485, SWE
_qFEDL
245 0 _aStudy in Sweden
260 _c1951
300 _a103p.
650 _aEducation
942 _cTEXL
_h370.9485, SWE
999 _c1329261
_d1329261